<?xml version="1.0" encoding="UTF-8"?>
<collection xmlns="http://www.loc.gov/MARC21/slim">
 <record>
  <leader>00837nam a22001697a 4500</leader>
  <controlfield tag="001">NCT_3981</controlfield>
  <controlfield tag="008">171014b        xxu||||| |||| 00| 0 vie d</controlfield>
  <datafield tag="999" ind1=" " ind2=" ">
   <subfield code="c">200</subfield>
   <subfield code="d">200</subfield>
  </datafield>
  <datafield tag="082" ind1="1" ind2="4">
   <subfield code="2">23rd ed</subfield>
   <subfield code="a">615.32</subfield>
   <subfield code="b">F648</subfield>
  </datafield>
  <datafield tag="100" ind1="1" ind2=" ">
   <subfield code="a">Fnimh, Andrew Chevallier  </subfield>
  </datafield>
  <datafield tag="245" ind1="1" ind2="0">
   <subfield code="a">Dược Thảo Toàn Thư</subfield>
   <subfield code="c">Andrew Chevallier Fnimh </subfield>
  </datafield>
  <datafield tag="260" ind1=" " ind2=" ">
   <subfield code="a">TP. Hồ Chí Minh</subfield>
   <subfield code="b">Tổng hợp</subfield>
   <subfield code="c">2012</subfield>
  </datafield>
  <datafield tag="300" ind1=" " ind2=" ">
   <subfield code="a">466 tr.</subfield>
   <subfield code="b">minh họa</subfield>
   <subfield code="c">27 cm</subfield>
  </datafield>
  <datafield tag="520" ind1="3" ind2=" ">
   <subfield code="a">Sự phát triển của dược thảo; Các loài dược thảo chính yếu; Các dược thảo khác; Dược thảo dùng tại nhà.</subfield>
  </datafield>
  <datafield tag="942" ind1=" " ind2=" ">
   <subfield code="2">ddc</subfield>
   <subfield code="c">BK</subfield>
  </datafield>
  <datafield tag="952" ind1=" " ind2=" ">
   <subfield code="0">0</subfield>
   <subfield code="1">0</subfield>
   <subfield code="2">ddc</subfield>
   <subfield code="4">0</subfield>
   <subfield code="6">615_320000000000000_AN562</subfield>
   <subfield code="7">0</subfield>
   <subfield code="9">1129</subfield>
   <subfield code="a">000001</subfield>
   <subfield code="b">000001</subfield>
   <subfield code="d">2017-10-14</subfield>
   <subfield code="l">1</subfield>
   <subfield code="o">615.32 An562</subfield>
   <subfield code="p">MD.00279</subfield>
   <subfield code="r">2018-12-01</subfield>
   <subfield code="s">2018-12-01</subfield>
   <subfield code="v">370000.00</subfield>
   <subfield code="w">2017-10-14</subfield>
   <subfield code="y">BK</subfield>
  </datafield>
  <datafield tag="980" ind1=" " ind2=" ">
   <subfield code="a">Thư viện Trường Đại học Nam Cần Thơ</subfield>
  </datafield>
 </record>
</collection>
